[Event "Budapest Rakosmente op 19th"]
[Site "Budapest"]
[Date "2021.07.03"]
[Round "3"]
[White "Toth, Nikoletta"]
[Black "Szendeff, Miklos"]
[Result "1-0"]
[WhiteElo "1966"]
[BlackElo "1637"]
[PlyCount "55"]
[EventDate "2021.07.01"]
[EventType "swiss"]
[EventRounds "6"]
[EventCountry "HUN"]
[SourceTitle "CBM 203 Extra"]
[Source "ChessBase"]
[SourceDate "2021.09.30"]
[SourceVersion "1"]
[SourceVersionDate "2021.09.30"]
[SourceQuality "1"]

1. Nf3 d5 2. g3 Nc6 3. d4 Bf5 4. Bg2 Nf6 5. 0-0 e6 6. a3 Be7 7. b3 h6 8. Bb2 0-0 9. c4 Ne4 10. Nc3 a5 11. e3 Nxc3 12. Bxc3 Be4 13. Re1 f5 14. Bf1 Qe8 15. Nd2 f4 16. Nxe4 fxe3 17. Rxe3 Qf7 18. f4 dxe4 19. Rxe4 Rad8 20. Qe2 Nxd4 21. Bxd4 Rxd4 22. Rxd4 Bc5 23. Qe3 g5 24. b4 gxf4 25. Qd2 axb4 26. axb4 Bxb4 27. Qxb4 e5 28. Rd2 1-0

[Event "Budapest Rakosmente op 19th"]
[Site "Budapest"]
[Date "2021.07.02"]
[Round "2"]
[White "Szendeff, Miklos"]
[Black "Nagy, Daniel2222"]
[Result "1-0"]
[WhiteElo "1637"]
[BlackElo "1352"]
[PlyCount "91"]
[EventDate "2021.07.01"]
[EventType "swiss"]
[EventRounds "6"]
[EventCountry "HUN"]
[SourceTitle "CBM 203 Extra"]
[Source "ChessBase"]
[SourceDate "2021.09.30"]
[SourceVersion "1"]
[SourceVersionDate "2021.09.30"]
[SourceQuality "1"]

1. e4 e5 2. f4 d6 3. Nf3 Nc6 4. Bb5 Bd7 5. d4 exd4 6. 0-0 Nge7 7. Nxd4 Nxd4 8. Bxd7+ Qxd7 9. Qxd4 Nc6 10. Qc3 f6 11. b4 a6 12. Bb2 Be7 13. Qb3 Bd8 14. Nd2 Qf7 15. c4 0-0 16. Rae1 Re8 17. e5 Kh8 18. a3 f5 19. Qf3 Re6 20. Bc3 Rh6 21. e6 Qh5 22. Qxh5 Rxh5 23. Nf3 Ne7 24. Ng5 Kg8 25. Nf7 Kf8 26. Rf3 Kg8 27. Rd3 Kf8 28. g3 Kg8 29. Kg2 Ng6 30. c5 Be7 31. cxd6 cxd6 32. Nxd6 Rd8 33. Red1 Nf8 34. Nxb7 Rc8 35. Nc5 Bxc5 36. bxc5 Nxe6 37. Bb4 a5 38. Bxa5 Rxc5 39. Bb4 Rc7 40. Rd7 Rc2+ 41. R1d2 Rc4 42. Re2 Rh6 43. Re7 Rc6 44. h4 Rg6 45. Kf2 Kf8 46. R7xe6+ 1-0

[Event "HUN-chT2 Breyer 1819"]
[Site "Hungary"]
[Date "2019.04.28"]
[Round "9.10"]
[White "Szendeff, Miklos"]
[Black "Dibusz, Ferenc"]
[Result "0-1"]
[WhiteElo "1757"]
[BlackElo "2180"]
[PlyCount "36"]
[EventDate "2018.10.28"]
[EventType "team-tourn"]
[EventRounds "9"]
[EventCountry "HUN"]
[SourceTitle "EXT 2021"]
[Source "ChessBase"]
[SourceDate "2020.10.23"]
[SourceVersion "1"]
[SourceVersionDate "2020.10.23"]
[SourceQuality "1"]
[WhiteTeam "Zsambek"]
[BlackTeam "Naszaly Geniusz Tata"]
[WhiteTeamCountry "HUN"]
[BlackTeamCountry "HUN"]

1. e4 c5 2. Nf3 Nc6 3. c4 g6 4. Nc3 Bg7 5. h4 d6 6. d3 Bg4 7. Be2 Nf6 8. Be3 h5 9. Qd2 a6 10. e5 dxe5 11. Bxc5 Qa5 12. b4 Nxb4 13. Bxb4 Qxb4 14. Rb1 Qd6 15. Rxb7 Rd8 16. Qe3 Nd7 17. 0-0 Bh6 18. Qxe5 Nxe5 0-1

[Event "HUN-chT2 Breyer 1819"]
[Site "Hungary"]
[Date "2019.03.31"]
[Round "8.9"]
[White "Szendeff, Miklos"]
[Black "Szabo, Pal1111"]
[Result "1-0"]
[WhiteElo "1757"]
[BlackElo "1880"]
[PlyCount "92"]
[EventDate "2018.10.28"]
[EventType "team-tourn"]
[EventRounds "9"]
[EventCountry "HUN"]
[SourceTitle "EXT 2021"]
[Source "ChessBase"]
[SourceDate "2020.10.23"]
[SourceVersion "1"]
[SourceVersionDate "2020.10.23"]
[SourceQuality "1"]
[WhiteTeam "Zsambek"]
[BlackTeam "Esztergom"]
[WhiteTeamCountry "HUN"]
[BlackTeamCountry "HUN"]

1. e4 c5 2. c4 Nc6 3. Nc3 g6 4. f4 e6 5. Nf3 Bg7 6. Be2 Nge7 7. 0-0 d5 8. cxd5 exd5 9. exd5 Nxd5 10. Bc4 Nxc3 11. dxc3 Qxd1 12. Rxd1 Ne7 13. Re1 h6 14. Ne5 Bxe5 15. Rxe5 b6 16. b4 f6 17. Re3 Bd7 18. Ba3 Rc8 19. bxc5 bxc5 20. Rb1 Kd8 21. Rb7 Nc6 22. Rd3 Rc7 23. Rxc7 Kxc7 24. Bxc5 Rh7 25. Rd6 Bf5 26. Rxf6 Rd7 27. Rf7 Rxf7 28. Bxf7 a5 29. Kf2 Be4 30. g4 a4 31. Bf8 Nd8 32. Be8 Bd5 33. Bxa4 Bxa2 34. Bxh6 Nf7 35. Bg7 Be6 36. Kg3 Bc4 37. Bc2 g5 38. f5 Kd6 39. h4 gxh4+ 40. Kxh4 Ne5 41. Bf8+ Kd5 42. g5 Nf3+ 43. Kh5 Be2 44. Kh6 Ne1 45. Bb1 Ke5 46. g6 Bc4 1-0

[Event "HUN-chT2 Breyer 1819"]
[Site "Hungary"]
[Date "2019.02.24"]
[Round "6.8"]
[White "D Albini, Geza"]
[Black "Szendeff, Miklos"]
[Result "1/2-1/2"]
[WhiteElo "1978"]
[BlackElo "1757"]
[PlyCount "29"]
[EventDate "2018.10.28"]
[EventType "team-tourn"]
[EventRounds "9"]
[EventCountry "HUN"]
[SourceTitle "CBM 189 Extra"]
[Source "ChessBase"]
[SourceDate "2019.06.03"]
[SourceVersion "1"]
[SourceVersionDate "2019.06.03"]
[SourceQuality "1"]
[WhiteTeam "Vizugy"]
[BlackTeam "Zsambek"]
[WhiteTeamCountry "HUN"]
[BlackTeamCountry "HUN"]

1. c4 g6 2. Nc3 Bg7 3. g3 d6 4. Bg2 c5 5. e3 Nc6 6. Nge2 Nf6 7. 0-0 0-0 8. d4 e5 9. d5 Ne7 10. h3 Ne8 11. e4 f5 12. f3 Nf6 13. Be3 Bd7 14. Qd2 Rf7 15. Kh2 1/2-1/2

[Event "HUN-chT2 Breyer 1819"]
[Site "Hungary"]
[Date "2019.01.27"]
[Round "4.10"]
[White "Schreuder Peters, Misja"]
[Black "Szendeff, Miklos"]
[Result "1-0"]
[WhiteElo "1868"]
[BlackElo "1757"]
[PlyCount "61"]
[EventDate "2018.10.28"]
[EventType "team-tourn"]
[EventRounds "9"]
[EventCountry "HUN"]
[SourceTitle "CBM 189 Extra"]
[Source "ChessBase"]
[SourceDate "2019.06.03"]
[SourceVersion "1"]
[SourceVersionDate "2019.06.03"]
[SourceQuality "1"]
[WhiteTeam "Budapest HASE"]
[BlackTeam "Zsambek"]
[WhiteTeamCountry "HUN"]
[BlackTeamCountry "HUN"]

1. e4 g6 2. f4 d5 3. exd5 Nf6 4. Bb5+ Bd7 5. Bxd7+ Qxd7 6. c4 Bg7 7. Nf3 0-0 8. 0-0 Rd8 9. Nc3 Na6 10. d4 Rac8 11. Rb1 c6 12. Ne5 Qc7 13. dxc6 bxc6 14. Be3 Nc5 15. Qf3 Ncd7 16. Rbc1 e6 17. g4 Ne8 18. Ne4 c5 19. Nxf7 Kxf7 20. Ng5+ Kg8 21. Nxe6 Qb6 22. Nxd8 Rxd8 23. Qd5+ Kh8 24. dxc5 Qc7 25. Rcd1 Nef6 26. Qd6 Qc8 27. c6 Bf8 28. cxd7 Nxd7 29. Bd4+ Bg7 30. Bxg7+ Kxg7 31. Qe7+ 1-0

[Event "HUN-chT2 Breyer 1819"]
[Site "Hungary"]
[Date "2018.11.18"]
[Round "2.9"]
[White "Kiss, Istvan"]
[Black "Szendeff, Miklos"]
[Result "1/2-1/2"]
[WhiteElo "1764"]
[BlackElo "1757"]
[PlyCount "104"]
[EventDate "2018.10.28"]
[EventType "team-tourn"]
[EventRounds "9"]
[EventCountry "HUN"]
[SourceTitle "CBM 189 Extra"]
[Source "ChessBase"]
[SourceDate "2019.06.03"]
[SourceVersion "1"]
[SourceVersionDate "2019.06.03"]
[SourceQuality "1"]
[WhiteTeam "Nyergesujfalu"]
[BlackTeam "Zsambek"]
[WhiteTeamCountry "HUN"]
[BlackTeamCountry "HUN"]

1. e4 c6 2. b3 d5 3. exd5 cxd5 4. Bb2 Nc6 5. Bb5 Nf6 6. Ne2 a6 7. Bxc6+ bxc6 8. d4 e6 9. 0-0 Bd6 10. Nd2 Bb7 11. Nf3 Qc7 12. h3 0-0 13. Rc1 Rfd8 14. c3 a5 15. Re1 a4 16. Ra1 c5 17. dxc5 Bxc5 18. b4 Bb6 19. Ned4 Ne4 20. Rc1 e5 21. Nxe5 Qxe5 22. f3 Qg5 23. fxe4 a3 24. Ba1 dxe4 25. Kh1 Rac8 26. Qg4 Qxg4 27. hxg4 e3 28. Rcd1 Re8 29. Rd3 e2 30. b5 Re4 31. Rxe2 Rce8 32. Rxe4 Rxe4 33. Nf3 h5 34. gxh5 Re2 35. c4 Rxa2 36. Be5 f6 37. Bd6 Ra1+ 38. Kh2 a2 39. Ra3 Rc1 40. Rxa2 Rxc4 41. Kg3 Kh7 42. Ra1 Rc3 43. Ra4 Rb3 44. Rb4 Rxb4 45. Bxb4 Kh6 46. Bf8 Bd5 47. Nh4 Kg5 48. Bxg7 Bc7+ 49. Kf2 Kxh4 50. Bxf6+ Kxh5 51. Bd4 Kg4 52. b6 Bg3+ 1/2-1/2

[Event "HUN-chT2 Breyer 1718"]
[Site "Hungary"]
[Date "2017.10.29"]
[Round "3.10"]
[White "Szendeff, Miklos"]
[Black "Grimm, Balazs"]
[Result "1-0"]
[WhiteElo "1724"]
[BlackElo "1788"]
[PlyCount "43"]
[EventDate "2017.09.24"]
[EventType "team-tourn"]
[EventRounds "11"]
[EventCountry "HUN"]
[SourceTitle "EXT 2021"]
[Source "ChessBase"]
[SourceDate "2020.10.23"]
[SourceVersion "1"]
[SourceVersionDate "2020.10.23"]
[SourceQuality "1"]
[WhiteTeam "Zsambek"]
[BlackTeam "Torokbalint"]
[WhiteTeamCountry "HUN"]
[BlackTeamCountry "HUN"]

1. e4 c5 2. Nf3 Nc6 3. d4 cxd4 4. Nxd4 g6 5. Nxc6 bxc6 6. Nc3 Bg7 7. Bc4 Nf6 8. 0-0 0-0 9. a4 a5 10. Ra3 Bb7 11. Be3 d5 12. exd5 Nxd5 13. Nxd5 cxd5 14. Rd3 Qc7 15. Bxd5 Bxd5 16. Rxd5 Bxb2 17. Rc5 Qd8 18. Qf3 e6 19. Rd1 Qh4 20. c4 Rfc8 21. Bg5 Qh5 22. g4 1-0

[Event "HUN-chT2 Breyer 1718"]
[Site "Hungary"]
[Date "2017.09.24"]
[Round "1.9"]
[White "Szendeff, Miklos"]
[Black "Korodi, Mihaly"]
[Result "1-0"]
[WhiteElo "1724"]
[BlackElo "1816"]
[PlyCount "103"]
[EventDate "2017.09.24"]
[EventType "team-tourn"]
[EventRounds "11"]
[EventCountry "HUN"]
[SourceTitle "EXT 2021"]
[Source "ChessBase"]
[SourceDate "2020.10.23"]
[SourceVersion "1"]
[SourceVersionDate "2020.10.23"]
[SourceQuality "1"]
[WhiteTeam "Zsambek"]
[BlackTeam "Tatabanya Turul"]
[WhiteTeamCountry "HUN"]
[BlackTeamCountry "HUN"]

1. e4 e5 2. Nf3 Nc6 3. Bb5 a6 4. Ba4 Nf6 5. 0-0 d6 6. d3 Be7 7. c4 0-0 8. h3 Bd7 9. Nc3 Rb8 10. Be3 h6 11. Qe2 Qe8 12. Rac1 Nh7 13. Nd5 Rc8 14. Bc2 Bd8 15. Rfd1 Ne7 16. d4 c6 17. Nxe7+ Qxe7 18. b4 Bc7 19. dxe5 dxe5 20. Bc5 Qe6 21. Bxf8 Nxf8 22. Bb3 Qg6 23. Kh1 Be8 24. Nh2 Ne6 25. Qg4 Qxg4 26. Nxg4 Kf8 27. Ne3 g6 28. c5 Nd4 29. Nc4 Ke7 30. Ne3 a5 31. bxa5 Bxa5 32. Bc4 h5 33. Nc2 Bc3 34. Ne3 Bb4 35. Rb1 Bxc5 36. Rxb7+ Bd7 37. Nc2 f6 38. f4 Rf8 39. f5 gxf5 40. exf5 Kd6 41. Ne3 Ra8 42. Kh2 Rd8 43. g4 hxg4 44. hxg4 Ke7 45. Kg3 Kd6 46. g5 fxg5 47. Kg4 Ke7 48. Kxg5 Nf3+ 49. Kg6 Nh4+ 50. Kg7 Bd4 51. Be6 e4+ 52. Rxd4 1-0

[Event "HUN-chT2 Breyer 1617"]
[Site "Hungary"]
[Date "2017.03.12"]
[Round "8.8"]
[White "Szendeff, Miklos"]
[Black "D Albini, Geza"]
[Result "1/2-1/2"]
[WhiteElo "1711"]
[BlackElo "1990"]
[PlyCount "26"]
[EventDate "2016.10.30"]
[EventType "team-tourn"]
[EventRounds "9"]
[EventCountry "HUN"]
[SourceTitle "EXT 2021"]
[Source "ChessBase"]
[SourceDate "2020.10.23"]
[SourceVersion "1"]
[SourceVersionDate "2020.10.23"]
[SourceQuality "1"]
[WhiteTeam "Zsambek"]
[BlackTeam "Vizugy"]
[WhiteTeamCountry "HUN"]
[BlackTeamCountry "HUN"]

1. e4 c6 2. d4 d5 3. Nc3 dxe4 4. Nxe4 Bf5 5. Ng3 Bg6 6. h4 h6 7. h5 Bh7 8. Nf3 e6 9. Bd3 Bxd3 10. Qxd3 Nf6 11. Bd2 Nbd7 12. Ne4 Nxe4 13. Qxe4 Nf6 1/2-1/2

[Event "HUN-chT2 Breyer 1617"]
[Site "Hungary"]
[Date "2017.02.26"]
[Round "7.7"]
[White "Andahazy, Kolos"]
[Black "Szendeff, Miklos"]
[Result "1-0"]
[WhiteElo "1887"]
[BlackElo "1710"]
[PlyCount "67"]
[EventDate "2016.10.30"]
[EventType "team-tourn"]
[EventRounds "9"]
[EventCountry "HUN"]
[SourceTitle "EXT 2021"]
[Source "ChessBase"]
[SourceDate "2020.10.23"]
[SourceVersion "1"]
[SourceVersionDate "2020.10.23"]
[SourceQuality "1"]
[WhiteTeam "Paty"]
[BlackTeam "Zsambek"]
[WhiteTeamCountry "HUN"]
[BlackTeamCountry "HUN"]

1. e4 g6 2. d4 Bg7 3. Bc4 d6 4. Nf3 Nf6 5. Nc3 0-0 6. Bg5 c5 7. dxc5 dxc5 8. 0-0 Nc6 9. Qe2 Bg4 10. Rad1 Nd4 11. Qd3 Nxf3+ 12. gxf3 Bh3 13. Rfe1 h6 14. Bh4 g5 15. Bg3 Nh5 16. Ne2 e5 17. Qc3 Qe7 18. Kh1 Nf4 19. Bxf4 gxf4 20. Rg1 Kh7 21. Nxf4 f5 22. Nxh3 Rad8 23. Rxd8 Rxd8 24. exf5 Rd4 25. Bd3 Kh8 26. Rg3 a6 27. Be4 b5 28. Qe3 Qh4 29. Kg2 Bf6 30. c3 Rd8 31. Qxc5 Rg8 32. Rxg8+ Kxg8 33. Bd5+ Kh8 34. Qf8+ 1-0

[Event "Budapest Titan Cup 1st"]
[Site "Budapest"]
[Date "2017.01.08"]
[Round "5"]
[White "Purak, Zoltan"]
[Black "Szendeff, Miklos"]
[Result "1-0"]
[WhiteElo "1698"]
[BlackElo "1708"]
[PlyCount "102"]
[EventDate "2017.01.06"]
[EventType "swiss"]
[EventRounds "5"]
[EventCountry "HUN"]
[SourceTitle "CBM 176 Extra"]
[Source "ChessBase"]
[SourceDate "2017.03.02"]
[SourceVersion "1"]
[SourceVersionDate "2017.03.02"]
[SourceQuality "1"]

1. d4 g6 2. c4 Bg7 3. e4 d6 4. Nc3 Nf6 5. f3 Nbd7 6. Be3 c6 7. Qd2 Qc7 8. Bd3 b6 9. Nge2 Bb7 10. Bc2 h5 11. h4 Ba6 12. Bd3 c5 13. Nb5 Qb7 14. a4 cxd4 15. Bxd4 Nc5 16. Ra3 Rd8 17. b4 Nxd3+ 18. Qxd3 0-0 19. 0-0 Rd7 20. a5 Bxb5 21. cxb5 Rb8 22. axb6 axb6 23. Ra6 Qc7 24. Nc3 Rdd8 25. Bxf6 exf6 26. Nd5 Qb7 27. Rxb6 Qa7 28. Qe3 f5 29. Rxb8 Qxe3+ 30. Nxe3 Rxb8 31. Rd1 fxe4 32. fxe4 Rxb5 33. Nd5 Be5 34. Kf2 Kg7 35. Kf3 g5 36. hxg5 Kg6 37. Rc1 Kxg5 38. Rc8 Rb7 39. Rg8+ Kh6 40. g4 hxg4+ 41. Rxg4 Ra7 42. Ke2 Rb7 43. Kd3 Rb5 44. Kc4 Rb7 45. b5 Kh7 46. b6 Bg7 47. Kb5 Bd4 48. Kc6 Rb8 49. Kc7 Ra8 50. Rh4+ Kg7 51. b7 Ra7 1-0

[Event "Budapest Titan Cup 1st"]
[Site "Budapest"]
[Date "2017.01.07"]
[Round "3"]
[White "Sziraki, Zoltan"]
[Black "Szendeff, Miklos"]
[Result "0-1"]
[WhiteElo "1421"]
[BlackElo "1708"]
[PlyCount "56"]
[EventDate "2017.01.06"]
[EventType "swiss"]
[EventRounds "5"]
[EventCountry "HUN"]
[SourceTitle "CBM 176 Extra"]
[Source "ChessBase"]
[SourceDate "2017.03.02"]
[SourceVersion "1"]
[SourceVersionDate "2017.03.02"]
[SourceQuality "1"]

1. d4 g6 2. Bf4 d6 3. Nf3 Bg7 4. c3 c6 5. e3 Nf6 6. h3 Nbd7 7. Nbd2 0-0 8. Bd3 Re8 9. Bh2 e5 10. dxe5 dxe5 11. Qc2 Nc5 12. Be2 Bf5 13. Qc1 Bd3 14. Nxe5 Bxe2 15. Kxe2 Rxe5 16. Bxe5 Nd3 17. Qc2 Nxe5 18. Rhd1 Qd5 19. Nf3 Qb5+ 20. Ke1 Nxf3+ 21. gxf3 Qh5 22. Ke2 Re8 23. Rg1 Qxh3 24. Rh1 Qe6 25. Rh4 h5 26. b3 Nd5 27. Qd3 Qf6 28. Rd4 Nxc3+ 0-1

[Event "Budapest Titan Cup 1st"]
[Site "Budapest"]
[Date "2017.01.06"]
[Round "1"]
[White "Borhy, Marcell Boldizsar"]
[Black "Szendeff, Miklos"]
[Result "1-0"]
[WhiteElo "2144"]
[BlackElo "1708"]
[PlyCount "65"]
[EventDate "2017.01.06"]
[EventType "swiss"]
[EventRounds "5"]
[EventCountry "HUN"]
[SourceTitle "CBM 176 Extra"]
[Source "ChessBase"]
[SourceDate "2017.03.02"]
[SourceVersion "1"]
[SourceVersionDate "2017.03.02"]
[SourceQuality "1"]

1. d4 g6 2. c4 Bg7 3. Nf3 d6 4. g3 c6 5. Bg2 Nd7 6. 0-0 Ngf6 7. Nc3 0-0 8. h3 Qc7 9. e4 e5 10. Be3 Rd8 11. Qe2 Nf8 12. Rfd1 exd4 13. Nxd4 Ne6 14. Rd2 Nxd4 15. Bxd4 Be6 16. Rad1 Ne8 17. b3 Qa5 18. Qe3 Qh5 19. Ne2 Bh6 20. Nf4 Qa5 21. Qc3 Qxc3 22. Bxc3 Bg5 23. Bb4 Be7 24. Nxe6 fxe6 25. e5 c5 26. exd6 Rxd6 27. Rxd6 Bxd6 28. Ba5 Rb8 29. Rxd6 b6 30. Rxe6 bxa5 31. Bd5 Kf8 32. Ra6 Nc7 33. Rxa5 1-0

[Event "Budapest Karacsonyi op 8th"]
[Site "Budapest"]
[Date "2016.12.29"]
[Round "5"]
[White "Szendeff, Miklos"]
[Black "Marcu, Simon"]
[Result "1-0"]
[WhiteElo "1738"]
[BlackElo "1923"]
[PlyCount "115"]
[EventDate "2016.12.27"]
[EventType "swiss"]
[EventRounds "7"]
[EventCountry "HUN"]
[SourceTitle "CBM 176 Extra"]
[Source "ChessBase"]
[SourceDate "2017.03.02"]
[SourceVersion "1"]
[SourceVersionDate "2017.03.02"]
[SourceQuality "1"]

1. Nf3 c6 2. d4 d5 3. c4 e6 4. e3 Bd6 5. Nc3 f5 6. Qb3 Nf6 7. Bd2 0-0 8. Bd3 Ne4 9. Ne5 Nxd2 10. Kxd2 Bxe5 11. dxe5 d4 12. Ne2 Qa5+ 13. Kc2 dxe3 14. f4 Nd7 15. Rhf1 Nc5 16. Qc3 Qa4+ 17. b3 Qa3 18. Rf3 a5 19. Rxe3 a4 20. b4 Nb3 21. Kb1 Nd2+ 22. Qxd2 c5 23. b5 Rd8 24. Qc3 Qb4+ 25. Kc2 b6 26. a3 Qa5 27. Qxa5 Rxa5 28. Rd1 Bb7 29. g3 Raa8 30. Kc1 h6 31. Bc2 g5 32. Red3 Re8 33. Nc3 g4 34. Rd7 Bf3 35. R1d6 Rab8 36. Kb2 Kf8 37. Nxa4 Re7 38. Rd8+ Rxd8 39. Rxd8+ Kf7 40. Nxb6 Kg6 41. Nd7 h5 42. Kc3 h4 43. Nxc5 hxg3 44. hxg3 Rh7 45. Nxe6 Rh3 46. Nf8+ Kf7 47. Bxf5 Rxg3 48. Kb4 Rg2 49. Ng6 Re2 50. Nh4 Ke7 51. Rg8 Rh2 52. Bxg4 Be4 53. Nf5+ Kf7 54. Rd8 Rb2+ 55. Kc5 Bg2 56. Rd7+ Kf8 57. e6 Bc6 58. Kxc6 1-0

[Event "Budapest Karacsonyi op 8th"]
[Site "Budapest"]
[Date "2016.12.28"]
[Round "3"]
[White "Husajina, Nikola"]
[Black "Szendeff, Miklos"]
[Result "0-1"]
[WhiteElo "1796"]
[BlackElo "1738"]
[PlyCount "52"]
[EventDate "2016.12.27"]
[EventType "swiss"]
[EventRounds "7"]
[EventCountry "HUN"]
[SourceTitle "CBM 176 Extra"]
[Source "ChessBase"]
[SourceDate "2017.03.02"]
[SourceVersion "1"]
[SourceVersionDate "2017.03.02"]
[SourceQuality "1"]

1. Nf3 g6 2. e4 Bg7 3. d4 d6 4. Bc4 c6 5. Nc3 Nf6 6. 0-0 b5 7. Bd3 0-0 8. Bg5 Qc7 9. e5 dxe5 10. Nxe5 Rd8 11. Ne2 Bb7 12. c3 Nbd7 13. f4 Nd5 14. Rf3 N7b6 15. Ng4 c5 16. Rh3 f6 17. Nh6+ Kf8 18. f5 fxg5 19. fxg6 hxg6 20. Bxg6 Nf6 21. Qb3 Bd5 22. Qxb5 Bc4 23. Qxc5 Qxc5 24. dxc5 Bxe2 25. cxb6 Bxh6 26. Rxh6 Kg7 0-1

[Event "Budapest Karacsonyi op 8th"]
[Site "Budapest"]
[Date "2016.12.28"]
[Round "2"]
[White "Szendeff, Miklos"]
[Black "Juhasz, Agoston Botond"]
[Result "1/2-1/2"]
[WhiteElo "1738"]
[BlackElo "1932"]
[PlyCount "125"]
[EventDate "2016.12.27"]
[EventType "swiss"]
[EventRounds "7"]
[EventCountry "HUN"]
[SourceTitle "CBM 176 Extra"]
[Source "ChessBase"]
[SourceDate "2017.03.02"]
[SourceVersion "1"]
[SourceVersionDate "2017.03.02"]
[SourceQuality "1"]

1. Nf3 d5 2. d4 Nf6 3. Bf4 c5 4. e3 Nc6 5. h3 Qb6 6. dxc5 Qxc5 7. c3 Bf5 8. Bd3 Bxd3 9. Qxd3 e6 10. 0-0 Bd6 11. Bxd6 Qxd6 12. Na3 0-0 13. Rad1 Rfd8 14. Nb5 Qe7 15. Nbd4 e5 16. Nxc6 bxc6 17. Qc2 Rac8 18. Rc1 e4 19. Nd4 c5 20. Ne2 Nd7 21. Rfd1 Ne5 22. Nf4 Qb7 23. Qb3 Qc6 24. Nxd5 Qe6 25. Qb7 Rb8 26. Qxa7 Nd3 27. Nf4 Qf5 28. g4 Qe5 29. Rxd3 exd3 30. Rd1 c4 31. Qa4 Qb5 32. Qxb5 Rxb5 33. b4 cxb3 34. axb3 g5 35. Rxd3 Rxd3 36. Nxd3 Rxb3 37. Nc5 Rxc3 38. Ne4 Rc1+ 39. Kg2 h6 40. Ng3 Kg7 41. h4 gxh4 42. Nf5+ Kg6 43. Nxh4+ Kg5 44. Kg3 Rg1+ 45. Ng2 Kf6 46. Kf3 Rh1 47. Nf4 Kg5 48. Kg2 Ra1 49. Kg3 Ra8 50. Nh3+ Kf6 51. Nf4 Ke5 52. Kf3 f5 53. Nd3+ Kf6 54. Nf4 Ra2 55. gxf5 Kxf5 56. Nh5 Kg5 57. Ng3 h5 58. Ne4+ Kf5 59. Ng3+ Kg6 60. Ne4 h4 61. Kg4 Ra4 62. f3 Ra3 63. Kxh4 1/2-1/2

[Event "HUN-chT2 Breyer 1617"]
[Site "Hungary"]
[Date "2016.12.11"]
[Round "4.9"]
[White "Szendeff, Miklos"]
[Black "Kiss, Istvan"]
[Result "0-1"]
[WhiteElo "1738"]
[BlackElo "1775"]
[PlyCount "70"]
[EventDate "2016.10.30"]
[EventType "team-tourn"]
[EventRounds "9"]
[EventCountry "HUN"]
[SourceTitle "EXT 2021"]
[Source "ChessBase"]
[SourceDate "2020.10.23"]
[SourceVersion "1"]
[SourceVersionDate "2020.10.23"]
[SourceQuality "1"]
[WhiteTeam "Zsambek"]
[BlackTeam "Nyergesujfalu"]
[WhiteTeamCountry "HUN"]
[BlackTeamCountry "HUN"]

1. e4 d6 2. d4 Nf6 3. Nc3 g6 4. Bg5 Bg7 5. Qd2 Nc6 6. Nf3 Bg4 7. d5 Nb8 8. Bh6 0-0 9. 0-0-0 c6 10. Be2 Qb6 11. Bxg7 Kxg7 12. h3 Bxf3 13. Bxf3 Nbd7 14. Rhf1 Ne5 15. Be2 cxd5 16. exd5 Rac8 17. f4 Nc4 18. Bxc4 Rxc4 19. b3 Rcc8 20. g4 a6 21. f5 Qc7 22. Kb2 b5 23. g5 Nd7 24. f6+ exf6 25. gxf6+ Nxf6 26. Qd4 b4 27. Ne4 Qxc2+ 28. Ka1 Qxe4 29. Qxf6+ Kg8 30. Qxd6 Rc2 31. Rfe1 Re2 32. Rxe2 Qxe2 33. Rc1 Qd2 34. Kb1 Re8 35. Rc2 Re1+ 0-1

[Event "HUN-chT2 Breyer 1516"]
[Site "Hungary"]
[Date "2016.04.17"]
[Round "11.9"]
[White "Szendeff, Miklos"]
[Black "Papp, Gabor1111"]
[Result "0-1"]
[WhiteElo "1819"]
[BlackElo "1980"]
[PlyCount "148"]
[EventDate "2015.09.13"]
[EventType "team-tourn"]
[EventRounds "11"]
[EventCountry "HUN"]
[SourceTitle "EXT 2017"]
[Source "ChessBase"]
[SourceDate "2016.10.25"]
[SourceVersion "1"]
[SourceVersionDate "2016.10.25"]
[SourceQuality "1"]
[WhiteTeam "Zsambek"]
[BlackTeam "Gyor UDSE"]
[WhiteTeamCountry "HUN"]
[BlackTeamCountry "HUN"]

1. e4 e6 2. Qe2 Nf6 3. c3 d5 4. e5 Nfd7 5. d4 c5 6. Nf3 Nc6 7. Qc2 b6 8. Bb5 Qc7 9. 0-0 Be7 10. Bg5 Bxg5 11. Nxg5 a6 12. Bd3 h6 13. Nh3 c4 14. Be2 Nf8 15. Nd2 Bd7 16. b4 cxb3 17. Qxb3 Na5 18. Qa3 b5 19. Rab1 Bc6 20. f4 Nc4 21. Qc1 g6 22. Nxc4 dxc4 23. Bf3 Nd7 24. Qc2 Nb6 25. g4 Nd5 26. Qd2 Qb7 27. f5 gxf5 28. gxf5 0-0-0 29. a4 Rdg8+ 30. Kf2 Nb4 31. Qe3 Nd3+ 32. Ke2 Bxf3+ 33. Qxf3 Rg2+ 34. Ke3 Rxh2 35. axb5 Qxf3+ 36. Rxf3 axb5 37. Nf4 Nxf4 38. Kxf4 Rh5 39. Ke4 Rg8 40. Rxb5 Rg4+ 41. Ke3 Rxf5 42. Rh3 h5 43. Rb2 h4 44. Rbh2 Rff4 45. Kd2 Kd7 46. Ke2 Ke7 47. Rf2 Rxf2+ 48. Kxf2 f5 49. exf6+ Kxf6 50. Re3 Kf5 51. Re5+ Kf6 52. Re3 Rg5 53. Rh3 Rf5+ 54. Ke3 Kg5 55. Rh1 Rf4 56. Re1 Kf5 57. Rh1 Rg4 58. Rf1+ Kg5 59. Re1 h3 60. Kf3 h2 61. Rh1 Rh4 62. Kg2 Kf4 63. Rf1+ Ke4 64. Kh1 Rh3 65. Re1+ Re3 66. Rc1 Re2 67. Rf1 Kd3 68. Rd1+ Kc2 69. Ra1 Kxc3 70. d5 Kb2 71. Ra6 Re1+ 72. Kxh2 exd5 73. Kg2 d4 74. Kf2 Re8 0-1

[Event "Perenyi Memorial"]
[Site "Budapest"]
[Date "2016.01.06"]
[Round "1"]
[White "Farago, Sandor"]
[Black "Szendeff, Miklos"]
[Result "1-0"]
[WhiteElo "2263"]
[BlackElo "1838"]
[PlyCount "113"]
[EventDate "2016.01.06"]
[EventType "swiss"]
[EventRounds "9"]
[EventCountry "HUN"]
[SourceTitle "CBM 170 Extra"]
[Source "ChessBase"]
[SourceDate "2016.02.25"]
[SourceVersion "1"]
[SourceVersionDate "2016.02.25"]
[SourceQuality "1"]

1. e4 c6 2. d4 d5 3. e5 Bf5 4. Ne2 h5 5. Nf4 e6 6. Nxh5 c5 7. Ng3 Bg6 8. c3 Nc6 9. Bb5 Qb6 10. Qa4 Rc8 11. dxc5 Bxc5 12. 0-0 Nge7 13. b4 Bd4 14. cxd4 Qxd4 15. Ne2 Qxa1 16. Nbc3 d4 17. Ba3 Qxf1+ 18. Kxf1 dxc3 19. Nxc3 0-0 20. Ne2 a6 21. Bxc6 Nxc6 22. b5 axb5 23. Qxb5 Rfd8 24. Bd6 Ra8 25. Nc3 Ra5 26. Qxb7 Bd3+ 27. Kg1 Nxe5 28. Qc7 Nc6 29. h4 Ra7 30. Qxc6 Ra6 31. Qf3 Raxd6 32. h5 Bc2 33. a4 Ra6 34. Qe2 Bd3 35. Qe5 Rda8 36. Qg5 Bf5 37. h6 Bg6 38. hxg7 Kxg7 39. Ne4 Kf8 40. Qc5+ Kg7 41. Qc3+ Kf8 42. Nc5 Ra5 43. g4 Bb1 44. Qb4 Kg8 45. Kh2 Bc2 46. Nd7 Bxa4 47. Nf6+ Kg7 48. Nh5+ Kg6 49. Qe4+ Kh6 50. Qf4+ Rg5 51. Qxf7 Rxg4 52. Nf6 Rf4 53. Qh7+ Kg5 54. Ne4+ Rxe4 55. Qxe4 Rh8+ 56. Kg3 Bd7 57. Qe5+ 1-0